000 00329nam a2200121Ia 4500
008 220120s9999||||xx |||||||||||||| ||und||
082 _a823 NAI
100 _aNaidoo, Beverley
245 4 _aThe other side of truth
260 _aHeinemann Elt
_bNew Delhi
_c2002
300 _aXVIII,743p.
_b0
650 _aDIGITAL DESIGN/LOGIC DESIGN
999 _c137461
_d137461